| 000 | 01821nam a2200289 a 4500 | ||
|---|---|---|---|
| 001 | 77608 | ||
| 003 | BD-RjUL | ||
| 005 | 20211209083012.0 | ||
| 008 | 201209s2001 bg |||| m||| 00| 0 ben d | ||
| 035 | _a(BD-RjUL)77834 | ||
| 040 |
_aBD-RjUL _bben/eng _dBD-RjUL |
||
| 041 | _aben | ||
| 082 |
_a954.9204 _bBEB 2001 _223 |
||
| 100 |
_aবেগম, সায়েরা সালমা _9242405 |
||
| 245 | 1 | 0 |
_aবাংলাদেশের স্বাধীনতা সংগ্রাম ও ছাত্র লীগ (১৯৪৮-১৯৭১) : _bমূলধারা পর্যালোচনা / _c সায়েরা সালমা বেগম ; _6তত্ত্বাবধায়ক : এম. আবুল কাশেম |
| 260 |
_aরাজশাহী : _bইতিহাস বিভাগ, রাজশাহী বিশ্ববিদ্যালয়, _c২০০১ |
||
| 300 |
_a[৭], ৪১৩ পাতা ; _c২৮ সেমি. |
||
| 502 | _aথিসিস (এম.ফিল.) --ইতিহাস বিভাগ, রাজশাহী বিশ্ববিদ্যালয়,২০০১ | ||
| 504 | _aগ্রন্থপঞ্জি : পাতা [৩৯৫] - ৪১৩ | ||
| 600 |
_d _a _9242604 |
||
| 650 |
_aবাংলাদেশ ছাত্র লীগ _xরাজনৈতিক কার্যকলাপ _xইতিহাস। _y১৯৪৮-১৯৭১ _9242605 |
||
| 650 |
_aBangladesh Chātra league _xPolitical activity _xHistory. _y1948-1971 _9242606 |
||
| 651 |
_aবাংলাদেশ _xইতিহাস _y১৯৪৮-১৯৭১ _9242607 |
||
| 651 |
_aBangladesh _xHistory _y1948-1971 _9242608 |
||
| 700 |
_aকাশেম, এম. আবুল, তত্ত্বাবধায়ক _9242408 |
||
| 942 |
_2ddc _cTHE |
||
| 999 |
_c77608 _d77608 |
||